[Event "Heraklion op 21st"]
[Site "Heraklion"]
[Date "2017.09.04"]
[Round "2"]
[White "Kazakos, Nikolaos"]
[Black "Kiriakakis, Ioannis"]
[Result "0-1"]
[WhiteElo "1285"]
[BlackElo "1602"]
[PlyCount "48"]
[EventDate "2017.09.03"]
[EventType "swiss"]
[EventRounds "9"]
[EventCountry "GRE"]
[SourceTitle "CBM 180 Extra"]
[Source "ChessBase"]
[SourceDate "2017.10.06"]
[SourceVersion "1"]
[SourceVersionDate "2017.10.06"]
[SourceQuality "1"]

1. e4 c6 2. d4 d5 3. exd5 cxd5 4. Nc3 Nf6 5. Nf3 Nc6 6. Be2 Bf5 7. Nh4 Bg6 8. Nxg6 hxg6 9. Be3 e6 10. a3 Bd6 11. h3 Rc8 12. Bf3 Na5 13. Nb5 Bb8 14. Nc3 Nc4 15. Qc1 Bd6 16. Be2 Nxa3 17. bxa3 Rxc3 18. Bd2 Rc8 19. Bb5+ Kf8 20. Ba4 Rh4 21. Be3 Qa5+ 22. Qd2 Qxa4 23. 0-0 Rxc2 24. Qd1 Qc6 0-1

[Event "Heraklion op 21st"]
[Site "Heraklion"]
[Date "2017.09.03"]
[Round "1"]
[White "Wlogalski, Olivier"]
[Black "Kazakos, Nikolaos"]
[Result "1-0"]
[WhiteElo "1928"]
[BlackElo "1285"]
[PlyCount "163"]
[EventDate "2017.09.03"]
[EventType "swiss"]
[EventRounds "9"]
[EventCountry "GRE"]
[SourceTitle "CBM 180 Extra"]
[Source "ChessBase"]
[SourceDate "2017.10.06"]
[SourceVersion "1"]
[SourceVersionDate "2017.10.06"]
[SourceQuality "1"]

1. c4 e6 2. Nf3 Nf6 3. b3 Be7 4. Bb2 0-0 5. g3 b6 6. Bg2 Bb7 7. 0-0 c5 8. Nc3 Qc8 9. d4 d6 10. Rc1 Na6 11. Re1 cxd4 12. Qxd4 Qc5 13. Qd2 Ne4 14. Nxe4 Bxe4 15. Qf4 Bxf3 16. Bxf3 Rab8 17. h4 Nc7 18. Qg4 Ne8 19. e4 Bf6 20. Bxf6 Nxf6 21. Qf4 Rfd8 22. Red1 Rd7 23. Rd3 Rbd8 24. Rcd1 h6 25. Bg2 Qe5 26. Qe3 Qc5 27. Qe2 d5 28. cxd5 exd5 29. e5 Qe7 30. Bf3 Ne4 31. Bxe4 dxe4 32. Rxd7 Rxd7 33. Rxd7 Qxd7 34. Qxe4 Qc8 35. Qd5 Qc1+ 36. Kg2 Qa3 37. Qd2 Qe7 38. Qd6 Qb7+ 39. Kg1 Qc8 40. Qd2 Qf5 41. Qe2 Qd7 42. Kh2 Qf5 43. Kg2 Qe6 44. Qe4 a5 45. f4 Qd7 46. Qe2 Qd5+ 47. Kh2 b5 48. f5 Kf8 49. Qe3 b4 50. Kh3 Qd1 51. g4 Qc2 52. Kg3 Qxa2 53. Qd3 Ke8 54. e6 fxe6 55. fxe6 Ke7 56. Qd7+ Kf6 57. Qf7+ Ke5 58. e7 Kd4 59. e8Q Kc3 60. Qe3+ Kb2 61. Qff2+ Ka1 62. Qc1+ Qb1 63. Qxb1+ Kxb1 64. Kf4 a4 65. bxa4 b3 66. a5 b2 67. a6 Kc1 68. Qxb2+ Kxb2 69. a7 Kc3 70. a8Q g5+ 71. hxg5 hxg5+ 72. Kxg5 Kd4 73. Kf5 Kc4 74. Qd8 Kc5 75. Ke5 Kc4 76. Qd7 Kc3 77. Ke4 Kc4 78. Qc7+ Kb5 79. Kd4 Kb4 80. Qb8+ Ka4 81. Kc4 Ka5 82. Qb5# 1-0

[Event "Heraklion Gazi op 13th"]
[Site "Heraklion"]
[Date "2017.07.28"]
[Round "1"]
[White "Lirindzakis, Timotheos"]
[Black "Kazakos, Nikolaos"]
[Result "1-0"]
[WhiteElo "2172"]
[BlackElo "1324"]
[PlyCount "117"]
[EventDate "2017.07.28"]
[EventType "swiss"]
[EventRounds "9"]
[EventCountry "GRE"]
[SourceTitle "CBM 179 Extra"]
[Source "ChessBase"]
[SourceDate "2017.08.23"]
[SourceVersion "1"]
[SourceVersionDate "2017.08.23"]
[SourceQuality "1"]

1. d4 e6 2. c4 d5 3. Nf3 Nf6 4. Nc3 c5 5. cxd5 Nxd5 6. e4 Nxc3 7. bxc3 cxd4 8. cxd4 Bb4+ 9. Bd2 Bxd2+ 10. Qxd2 0-0 11. Bc4 Nd7 12. 0-0 Nf6 13. Rfe1 a6 14. a4 Bd7 15. a5 Bc6 16. Bd3 Qd7 17. Ne5 Qxd4 18. Nxc6 bxc6 19. e5 Ne4 20. Qe3 Qxe3 21. Rxe3 Nc5 22. Bf1 Nd7 23. Rd1 Ra7 24. f4 Nb8 25. Rb3 Rc8 26. Rbd3 Rf8 27. Rb3 Rc8 28. Rdb1 Ra8 29. Rb7 Kf8 30. f5 Rd8 31. fxe6 fxe6 32. Bc4 Re8 33. Rf1+ Kg8 34. Rff7 Rd8 35. Rxg7+ Kf8 36. Rxh7 Rd1+ 37. Kf2 Rd2+ 38. Kf3 Nd7 39. Rbxd7 Rxd7 40. Rxd7 Rb8 41. Rd6 Rc8 42. Bxe6 Rc7 43. Rd7 Rxd7 44. Bxd7 c5 45. Ke4 Ke7 46. Bc8 Kd8 47. Bxa6 Kc7 48. Kd5 Kb8 49. Kxc5 Ka7 50. Bb5 Kb8 51. Kb6 Kc8 52. a6 Kd8 53. a7 Ke7 54. a8Q Kf7 55. Qc6 Kg7 56. Qf6+ Kh7 57. Qg5 Kh8 58. Qh6+ Kg8 59. Bc4# 1-0

[Event "GRE-ch U10"]
[Site "Achaia"]
[Date "2017.06.29"]
[Round "6"]
[White "Dristellas, Neoklis"]
[Black "Kazakos, Nikolaos"]
[Result "1/2-1/2"]
[WhiteElo "1150"]
[BlackElo "1291"]
[PlyCount "105"]
[EventDate "2017.06.26"]
[EventType "swiss"]
[EventRounds "9"]
[EventCountry "GRE"]
[SourceTitle "EXT 2018"]
[Source "ChessBase"]
[SourceDate "2017.10.13"]
[SourceVersion "1"]
[SourceVersionDate "2017.10.13"]
[SourceQuality "1"]

1. e4 e6 2. d4 d5 3. exd5 exd5 4. Nf3 Nc6 5. Bb5 Bd6 6. Bxc6+ bxc6 7. 0-0 Bg4 8. Re1+ Ne7 9. Bg5 0-0 10. Nbd2 f6 11. Bh4 Nf5 12. Bg3 Bxg3 13. hxg3 Nxd4 14. c3 Nxf3+ 15. Nxf3 Qb8 16. Qa4 Bd7 17. Rab1 Qd8 18. Qb3 Qb8 19. Qc2 Qc8 20. Qd2 Bf5 21. Rbc1 Be4 22. Nd4 c5 23. Nb3 c4 24. Nc5 Rd8 25. Nxe4 dxe4 26. Qe2 Qa6 27. Qxe4 Qxa2 28. Qc6 Qxb2 29. Qxc4+ Kh8 30. Qxc7 Rdc8 31. Qd7 Rd8 32. Qe7 a5 33. Rcd1 Rg8 34. Qe3 a4 35. Rb1 Qc2 36. Rec1 Qf5 37. Qf3 Qe6 38. Qe3 Qc6 39. Ra1 Rgb8 40. Rcb1 Rxb1+ 41. Rxb1 a3 42. Ra1 a2 43. Qf4 h6 44. Qd2 Qc4 45. Qb2 Kg8 46. Qd2 Qb3 47. Qe1 Rb8 48. Kh2 Qb1 49. Qe6+ Kh8 50. Qxa2 Qd3 51. Rc1 Re8 52. Qc2 Qc4 53. Rd1 1/2-1/2

[Event "GRE-ch U10"]
[Site "Achaia"]
[Date "2017.06.27"]
[Round "3"]
[White "Tsavdaras, Dimitrios"]
[Black "Kazakos, Nikolaos"]
[Result "0-1"]
[WhiteElo "1110"]
[BlackElo "1291"]
[PlyCount "121"]
[EventDate "2017.06.26"]
[EventType "swiss"]
[EventRounds "9"]
[EventCountry "GRE"]
[SourceTitle "EXT 2018"]
[Source "ChessBase"]
[SourceDate "2017.10.13"]
[SourceVersion "1"]
[SourceVersionDate "2017.10.13"]
[SourceQuality "1"]

1. e4 e6 2. d4 d5 3. exd5 exd5 4. Bf4 Nc6 5. Bd3 Qf6 6. Bxc7 Qxd4 7. Qe2+ Be7 8. Nc3 Nf6 9. 0-0-0 Qg4 10. f3 Qd7 11. Bg3 a6 12. Be5 0-0 13. Bxf6 Bxf6 14. Nxd5 Bg5+ 15. f4 Bd8 16. Bxh7+ Kxh7 17. Nf6+ Bxf6 18. Rxd7 Bxd7 19. Qd3+ Kg8 20. Qxd7 Rfd8 21. Qxb7 Rab8 22. Qxb8 Rxb8 23. c3 Rc8 24. Kc2 Nb4+ 25. Kb3 Nd3 26. Nh3 Rc5 27. Rd1 Rb5+ 28. Kc2 Nxb2 29. Rb1 Nc4 30. Rxb5 axb5 31. g4 Ne3+ 32. Kb3 Nxg4 33. Kb4 Nxh2 34. Nf2 Kf8 35. Ne4 Ng4 36. Kxb5 Ke7 37. Nxf6 Nxf6 38. a4 Kd7 39. a5 Kc7 40. c4 Nh5 41. f5 Ng3 42. f6 g6 43. a6 Ne4 44. c5 Nxf6 45. c6 Kb8 46. Kb6 Nd5+ 47. Kc5 Nc7 48. Kd6 Nxa6 49. Ke5 Kc7 50. Kf6 Kxc6 51. Kg5 Kd7 52. Kf6 Kd6 53. Kg5 Ke5 54. Kh4 f5 55. Kh3 g5 56. Kh2 Kf4 57. Kh3 Ke3 58. Kg2 f4 59. Kg1 f3 60. Kh2 f2 61. Kg3 0-1